| 000 | 00955nam2a22002531 4500 | ||
|---|---|---|---|
| 001 | rc\934056 | ||
| 005 | 20250622103544.0 | ||
| 035 | _a(NLR Aleph) 006243219 | ||
| 090 |
_a6685156 _c6685156 |
||
| 100 | _a20041129d1982 |||y0rusy50 ca | ||
| 101 | 0 |
_arus _alav |
|
| 102 | _aRU | ||
| 105 | _ay ||||||||| | ||
| 200 | 0 | _aЧ. 1 | |
| 210 |
_d1982 _aБ. м. |
||
| 215 | _a317 с. | ||
| 320 | _aБиблиогр.: с. 306 (10 назв.) | ||
| 461 | 0 |
_1001rc\934055 _12001#$aДопуски и посадки$eСправочник по стандартам СССР и СЭВ$eВ 2 ч.$vЧ. 1 _1700#1$aШирон$bЭ.Р.$gЭдгар Робертович _96685149 _aШирон, Э.Р. _cРига _d1982- _nАвотс _oСправочник по стандартам СССР и СЭВ : В 2 ч. _tДопуски и посадки _vЧ. 1 |
|
| 801 | 0 |
_aRU _bNLR _gpsbo |
|
| 801 | 1 |
_aRU _bELAR _2rusmarc |
|
| 852 |
_aNLR _bОНЛ |
||
| 942 | _cBOOK | ||
| 980 | _aNB | ||